000 00500nam a2200193Ia 4500
008 101110s9999 xx 000 0 und d
041 _aENGLISH
082 _bSR3790
_a659.1
100 _aBridgewater, Howard
245 _aAdvertising of the Art of Making Kown
365 _b5
520 _aCommerce
546 _aENGLISH
630 _aAdvertising of the Art of Making Kown
650 _aCommerce
655 _aCommerce
730 _aAdvertising of the Art of Making Kown
942 _cBOOK
999 _c800205
_d800202